00963cam a2200217 a 45000010009000000050017000090080041000260200015000670200018000820500022001000820018001221000023001402450156001632500012003192600059003313000027003906500048004178560083004658560106005488560091006541485252420250122205518.0070516s2007 enk b 001 0 eng  a0199290350 a978019929035200aKJE947b.H37 200700a341.242/22221 aHartley, Trevor C.14aThe foundations of European Community law :ban introduction to the constitutional and administrative law of the European Community /cby T.C. Hartley. a6th ed. aOxford ;aNew York :bOxford University Press,cc2007. alxii, 472 p. ;c25 cm. 0aLawzEuropean Economic Community countries.413Table of contents onlyuhttp://www.loc.gov/catdir/toc/ecip0718/2007020728.html423Contributor biographical informationuhttp://www.loc.gov/catdir/enhancements/fy0907/2007020728-b.html423Publisher descriptionuhttp://www.loc.gov/catdir/enhancements/fy0907/2007020728-d.html